| 000 | 00811nam a2200241 i 4500 | ||
|---|---|---|---|
| 001 | 52757 | ||
| 003 | ES-MaACL | ||
| 005 | 20251009165456.0 | ||
| 007 | t| | ||
| 008 | 030903s1966 sp ||||1| cat d | ||
| 080 | _a264.4:262.5 Vat.II | ||
| 111 | 0 |
_aConcilio Vaticano ( _n2º. _d1962-1965) _9122 |
|
| 245 | 1 | 0 |
_aDecret sobre la formació sacerdotal / _cintroduccio, Antonio Briva...; traduccio Bernat Ambros. |
| 260 |
_aBarcelona : _bEstela, _c[1966] |
||
| 300 |
_a56 p. ; _c20 cm. |
||
| 490 | 1 |
_aDocuments del Concili Vatica II ; _v10 |
|
| 650 | 0 | 4 |
_aSacerdotes. _916959 |
| 700 | 1 |
_aBriva Mirabent, Antonio, _d1926-1994 _9140131 |
|
| 700 | 1 |
_aAmbrós, Bernardo. _9150559 |
|
| 830 | 0 |
_aDocuments del Concili Vatica II ; _v10 _9182405 |
|
| 852 |
_aES-MaACL _jC-29299 _bR.59866 |
||
| 999 |
_c52757 _d52757 |
||